How many subjects? : statistical power analysis in research

Αποθηκεύτηκε σε:
Λεπτομέρειες βιβλιογραφικής εγγραφής
Κύριος συγγραφέας: Kraemer, Helena Chmura
Άλλοι συγγραφείς: Thiemann, Sue
Μορφή: Βιβλίο
Γλώσσα:English
Δημοσίευση: Newbury Park : Sage Publications, c1987
Θέματα:
Ετικέτες: Προσθήκη ετικέτας
Δεν υπάρχουν, Καταχωρήστε ετικέτα πρώτοι!

MARC

LEADER 00000cam a2200000 i 4500
001 1/40088
008 940625s1987 eng d
020 |a 0803929498 
035 |l 10025164 
040 |a GR-MY-UA  |b gre  |e aacr 
041 0 |a eng 
082 0 |a 001.422 
100 1 |a Kraemer, Helena Chmura. 
245 1 0 |a How many subjects? :  |b statistical power analysis in research /  |c Helena Chmura Kraemer and Sue Thiemann ; foreword by Victor H. Denenberg 
246 3 3 |a Statistical power analysis in research 
260 |a Newbury Park :   |b Sage Publications,   |c c1987 
300 |a 120 p.;  |c 23 cm 
500 |a Includes index 
504 |a Bibliography: p. [113]-115 
650 0 0 |a Research  |x Statistical methods. 
700 1 |a Thiemann, Sue. 
852 |a INST  |b CHIOS  |e 19940625  |h 001.422 KRA  |p 005200006980  |q 005200006980  |t BK  |y 0 
909 |a Χ  |b 010959